000 00325nam a2200133Ia 4500
008 240624s9999 xx 000 0 und d
041 _aeng
082 _a828 CAP
100 _aCAPRA FRITJOF
245 _aHIDDEN CONNECTIONS
260 _c2004
_aNew Delhi
_bHarperCollins
300 _axv, : 272 : p. : cm. ; 19
365 _cRS
999 _c28742
_d28742